Three Regions Climate Change Group (Record no. 120652)
[ view plain ]
| 000 -LEADER | |
|---|---|
| fixed length control field | 01103cai a22002055a 4500 |
| 001 - CONTROL NUMBER | |
| control field | L143077 |
| 008 - FIXED-LENGTH DATA ELEMENTS--GENERAL INFORMATION | |
| fixed length control field | 080407u xxk g 000 0 eng d |
| 035 ## - SYSTEM CONTROL NUMBER | |
| System control number | (Sirsi) u143077 |
| 041 0# - LANGUAGE CODE | |
| Language code of text/sound track or separate title | eng |
| 110 2# - MAIN ENTRY--CORPORATE NAME | |
| Corporate name or jurisdiction name as entry element | Three Regions Climate Change Group |
| 9 (RLIN) | 5529 |
| 245 00 - TITLE STATEMENT | |
| Title | Three Regions Climate Change Group |
| Medium | [electronic resource] |
| 520 ## - SUMMARY, ETC. | |
| Summary, etc. | Website for this partnership between the London, South East and East of England Climate Change Partnerships which aims to encourage the adaptation to climate change within the built environment. Explains what climate change is and covers three key climate impacts; flooding, water scarcity and overheating. Also provides information on how to assess risk and adapt homes and includes case studies about the process of retrofitting a house, flat and a block of flats. |
| 590 ## - LOCAL NOTE (RLIN) | |
| Local note | KA |
| 651 #4 - SUBJECT ADDED ENTRY--GEOGRAPHIC NAME | |
| Geographic name | London |
| 651 #4 - SUBJECT ADDED ENTRY--GEOGRAPHIC NAME | |
| Geographic name | South East (England) |
| 651 #4 - SUBJECT ADDED ENTRY--GEOGRAPHIC NAME | |
| Geographic name | East (England) |
| 690 ## - LOCAL SUBJECT ADDED ENTRY--TOPICAL TERM (OCLC, RLIN) | |
| Topical term or geographic name as entry element | ENVIRONMENTAL AND LAND CONSULTANCY-ENVIRONMENTAL MANAGEMENT |
| 856 40 - ELECTRONIC LOCATION AND ACCESS | |
| Uniform Resource Identifier | <a href="https://www.london.gov.uk/trccg/">https://www.london.gov.uk/trccg/</a> |
| Public note | View the website free of charge at www.london.gov.uk... |
| 942 ## - ADDED ENTRY ELEMENTS (KOHA) | |
| Suppress in OPAC | 0 |
| Withdrawn status | Lost status | Source of classification or shelving scheme | Damaged status | Not for loan | Home library | Current library | Shelving location | Date acquired | Total Checkouts | Full call number | Barcode | Date last seen | Copy number | Price effective from | Koha item type |
|---|---|---|---|---|---|---|---|---|---|---|---|---|---|---|---|
| Dewey Decimal Classification | Virtual | Virtual | Online | 07/04/2008 | WEB SITE | 143077-2001 | 06/08/2019 | 1 | 06/08/2019 | Online material |